| 000 | 00617cab a2200253 4500 | ||
|---|---|---|---|
| 008 | 090401t1999 xxu||||| |||| 00| 0 eng d | ||
| 035 | _a(Sirsi) u203 | ||
| 041 | _aeng | ||
| 100 | _aMacneil, J. | ||
| 245 | _aTaking cities | ||
| 260 | _c1999 | ||
| 350 | _a0 | ||
| 490 |
_aProperty Week _v64(32) 20 August 1999, 26-32(6) |
||
| 650 | _aFINANCIAL INCENTIVES | ||
| 650 | _aLOCAL AUTHORITIES | ||
| 650 | _aPFI | ||
| 650 | _aPRIVATE SECTOR | ||
| 650 | _aPUBLIC SECTOR | ||
| 650 | _aURBAN RENAISSANCE | ||
| 650 | _aURBAN TASK FORCE | ||
| 690 | _aPROPERTY LAW AND PRACTICE | ||
| 942 | _n0 | ||
| 948 | _c06/09/1999 | ||
| 999 |
_c81 _d81 |
||